Toys : (Record no. 5792)

MARC details
000 -LEADER
fixed length control field 01580cam a2200349 i 4500
001 - CONTROL NUMBER
control field 5792
003 - CONTROL NUMBER IDENTIFIER
control field FISKH
005 - DATE AND TIME OF LATEST TRANSACTION
control field 20250320111824.0
008 - FIXED-LENGTH DATA ELEMENTS--GENERAL INFORMATION
fixed length control field 121025s2013 nyua j b 001 0 eng
010 ## - LIBRARY OF CONGRESS CONTROL NUMBER
LC control number 2012034207
020 ## - INTERNATIONAL STANDARD BOOK NUMBER
International Standard Book Number 9780531265222 (library binding)
020 ## - INTERNATIONAL STANDARD BOOK NUMBER
International Standard Book Number 9780531220108
020 ## - INTERNATIONAL STANDARD BOOK NUMBER
International Standard Book Number 9780531220108 (pbk.)
040 ## - CATALOGING SOURCE
Original cataloging agency DLC
Language of cataloging eng
Transcribing agency DLC
Description conventions rda
Modifying agency DLC
050 ## - LIBRARY OF CONGRESS CALL NUMBER
Classification number TS2301.T7
082 ## - DEWEY DECIMAL CLASSIFICATION NUMBER
Classification number 688.7
100 1# - MAIN ENTRY--PERSONAL NAME
Personal name Cunningham, Kevin,
Dates associated with a name 1966-
245 10 - TITLE STATEMENT
Title Toys :
Remainder of title from concept to consumer /
Statement of responsibility, etc. by Kevin Cunningham.
260 ## - PUBLICATION, DISTRIBUTION, ETC.
Place of publication, distribution, etc. New York :
Name of publisher, distributor, etc. Scholastic,
Date of publication, distribution, etc. 2013.
300 ## - PHYSICAL DESCRIPTION
Extent 64 pages :
Other physical details color illustrations ;
Dimensions 23 cm.
336 ## - CONTENT TYPE
Content type term text
Source rdacontent
337 ## - MEDIA TYPE
Media type term unmediated
Source rdamedia
338 ## - CARRIER TYPE
Carrier type term volume
Source rdacarrier
490 0# - SERIES STATEMENT
Series statement Calling all innovators, A Career for You
504 ## - BIBLIOGRAPHY, ETC. NOTE
Bibliography, etc. note Includes bibliographical references (page 61) and index.
520 ## - SUMMARY, ETC.
Summary, etc. Readers will get a close look at how people in science, technology, engineering, and math (STEM) careers are helping to build our future. Discover how people use STEM skills to solve problems and innovate throughout history. Diagrams, graphs, and charts help to clarify complex subjects Unique visual designs draw readers in and encourage them to invest Interviews with real-life workers give readers an up-close look at their jobs Helpful statistics assist readers in planning their future careers.
521 1# - TARGET AUDIENCE NOTE
Target audience note 9-12.
650 #0 - SUBJECT ADDED ENTRY--TOPICAL TERM
Topical term or geographic name entry element Toys
General subdivision Design and construction
-- History
Form subdivision Juvenile literature..
906 ## - LOCAL DATA ELEMENT F, LDF (RLIN)
a 7
b cbc
c orignew
d 1
e ecip
f 20
g y-gencatlg
942 ## - ADDED ENTRY ELEMENTS (KOHA)
Source of classification or shelving scheme Dewey Decimal Classification
Koha item type Books
Suppress in OPAC No
Holdings
Withdrawn status Lost status Source of classification or shelving scheme Damaged status Not for loan Collection Home library Current library Shelving location Date acquired Total Checkouts Full call number Barcode Date last seen Date last checked out Price effective from Koha item type
    Dewey Decimal Classification     Non-Fiction Footprints International School Library Network Toul Kork Campus Footprints International School Library Network Toul Kork Campus A TK Campus, 4th Floor, Room B401, Non-Fiction Bookcases(7-8) 01/22/2025 1 CUN 688.7 TS2301.T7 FISTK04832 04/01/2026 03/02/2026 01/22/2025 Books